| 000 | 00717nam a22002177a 4500 | ||
|---|---|---|---|
| 999 |
_c21282 _d21282 |
||
| 003 | AR-CdUCM | ||
| 008 | 190411b ||||| |||| 00| 0 spa d | ||
| 020 | _a9786124759765 | ||
| 040 |
_aMUNICIPALIDAD PROVINCIAL DEL CUSCO _cBIBLIOTECA MUNICIPAL DEL CUSCO |
||
| 082 |
_aEP/808/G66 _bG66 |
||
| 100 |
_aGonzales Azurin, Marisabel _930465 |
||
| 245 | _aEl toro encantado / | ||
| 260 |
_aCusco ; _bREGESA, _c2017. |
||
| 300 |
_a33 Páginas. : _bilustraciones en color ; _c23x21 cm. |
||
| 500 | _aTexto en idiomas Castellano, Quechua e Inglés. | ||
| 505 | _aCon actividades para el plan lector. | ||
| 650 |
_aCuentos infantiles _944458 |
||
| 650 |
_aLiteratura infantil _9588 |
||
| 942 |
_2ddc _cLIBROS |
||
| 945 | _aRoel | ||